00518nam a2200133Ia 4500008004100000082002400041100003200065245007800097260002400175300001100199500002700210502007300237650007400310120622s9999 xx 000 0 und d aT 365.48 G216a 2002 aGarcía Sánchez, Marcela aAnálisis del sistema penitenciario militar / Marcela García Sánchez aMéxico : El autor a143 h. aIncluye bibliografía aTESIS (Lic. en derecho). -- Universidad Insurgentes, Plantel Tlalpan a1. REGIMEN PENITENCIARIO \ 2. PRISIONES \ 3. DERECHO PENAL MILITARÌ